000
00333 a2200157 4500
001
150283
040
_c
Escola São Tomás de Aquino
100
_a
MALDONATO, Maria Tereza
240
1
0
_a
Florestania
_l
por
245
1
0
_a
Florestania
300
_a
93
362
0
_a
2004
440
1
_a
Saraiva
697
_a
CIÊNCIAS
942
_c
BK
999
_c
150283
_d
150283